000 01182cam a2200361 4500
999 _c23556
_d23556
001 vtls012082230
005 20230822071835.0
008 220103s2021 xo g 000 f slo
020 _a9788055173016
_q(viazané)
040 _aMIZKGZ
_bslo
_cMIZKGZ
_dSNK
_erda
041 1 _aslo
_hita
044 _axo
_cSK
072 7 _a821.131.1
_xTalianska literatúra
_2konspekt
080 _a821.131.1
_22011
080 _a(0:82-312.5)
_22011
100 1 _aVolo, Fabio,
_d1972-
_4aut
_93885
240 1 3 _aIl giorno in più
_lSlovensky
245 1 0 _aEšte jeden deň
_cFabio Volo ; preložila Danka Jacečková
264 1 _aBratislava
_bIkar
_c2021
300 _a277 strán
_c21 cm
336 _atext
_btxt
_2rdacontent
337 _abez média
_bn
_2rdamedia
338 _azväzok
_bnc
_2rdacarrier
500 _aObsahuje biografické údaje o autorovi na zadnej strane knihy
500 _aPreložené z taliančiny
650 0 7 _atalianska literatúra
_2SNKPH
_92525
655 7 _aľúbostné romány
_2SNKPH
_913
655 7 _aItalian literature
_2SNKPHeng
_93886
655 7 _aLove novels
_2SNKPHeng
_91667
700 1 _aJacečková, Danka
_4trl
_93887
958 _aLX
958 _aUP